000 00958nam0a2200289 4500
001 RU\NLR\bibl\972004
005 20250614211835.0
010 _a5-94145-389-2
_95000
021 _aRU
_b2006-39596
_91989
035 _a(NLR Aleph) 000959958
090 _a333171
_c333171
100 _a20060802d2006 |||y0rusy50 ca
101 1 _arus
_ceng
102 _aRU
105 _ay |||||||||
200 1 _aВысокая вода
_e[роман]
_fДонна Леон
_g[пер. с англ. Ю. Жуковой]
210 _aМосква
_cИностранка
_d2006
215 _a364, [1] с.
_d19
225 1 _aСерия "Лекарство от скуки"
_fсост. Б. Акунин
320 _aНа 2-й с. др. произведения авт.
686 _aШ6(7США)67-446{Лх1979-60}
700 1 _aЛеон
_bД.
_gДонна
_4070
801 0 _aRU
_bNLR
_c20060802
_grcr
801 1 _aRU
_bNLR
_c20060802
942 _cBOOK
980 _aNB